000 00509nam a2200133 a 4500
008 120416s2002 ||||||||||||||||| || u
050 _aTHESIS
100 _aNakanyika, Odetta
245 1 0 _aNetworking
246 _aa tool for effective information flow
260 _aKitwe
_bCopperbelt University, School of Built Environment, Department of Surveying
_c2002
350 _a0.00
995 _D0.00
_FCBU-MAIN LIBRARY (Kitwe)
_H1
_I0.00
_UAVAILABLE
_ZUniversity Collection
999 _c52072
_d52072